000 00667nam a2200205Ia 4500
001 54934
008 120604n ii |||gr||||Z||||||465
020 _a978 81 317 0205-5
082 _a005.1
100 _aAho,Alfred V.,
_eAuthor.
245 0 _aThe Design and Analysis of Computer Algorithims
_cAlfred V. Aho,John E.Hopcroft,Jeffrey D.Ullman
_hTextual Documents
260 _aNew Delhi:
_bDorling Kindersley (India) Pvt Ltd.
300 _a470p.
500 _aSent to Mathematics Deptt
653 _aDesign and Analysis of Computer
653 _aD-Mathematics
700 _aJohn E.Hopcroft,
_eAuthor.
700 _aUllman ,Jeffery D,
_eAuthor.
942 _2ddc
_cBK
999 _c54882
_d54882